[Event "Mittelfranken-chTB2b 0809"]
[Site "Mittelfranken"]
[Date "2009.05.06"]
[Round "9.7"]
[White "Heinz, Manfred"]
[Black "Warnick, Ralph"]
[Result "1-0"]
[WhiteElo "1761"]
[BlackElo "1687"]
[PlyCount "99"]
[EventDate "2008.10.12"]
[EventType "team"]
[EventRounds "9"]
[EventCountry "GER"]
[SourceTitle "EXT 2011"]
[Source "ChessBase"]
[SourceDate "2010.11.26"]
[SourceVersion "1"]
[SourceVersionDate "2010.11.26"]
[SourceQuality "1"]
[WhiteTeam "Heilsbronn"]
[BlackTeam "Buechenbach/Roth II"]
[WhiteTeamCountry "GER"]
[BlackTeamCountry "GER"]

1. Nf3 d5 2. c4 e6 3. d4 Nf6 4. Nc3 Nc6 5. Bg5 Be7 6. e3 0-0 7. Be2 b6 8. 0-0 Bb7 9. cxd5 Nxd5 10. Bxe7 Ncxe7 11. Rc1 Rc8 12. Qa4 Nxc3 13. Rxc3 Bc6 14. Rxc6 Nxc6 15. Qxc6 Qd6 16. Rc1 a5 17. Ba6 Qxc6 18. Rxc6 Ra8 19. Bb5 Ra7 20. g3 Rd8 21. Rc3 f6 22. Bc6 a4 23. Ra3 b5 24. Bxb5 Rb7 25. Bc4 Kf7 26. Rxa4 Rxb2 27. Ra7 Rd7 28. Ra6 Rb6 29. Ra7 Ke7 30. a4 c6 31. Rxd7+ Kxd7 32. a5 Rb1+ 33. Kg2 Rc1 34. Bd3 Kd6 35. a6 e5 36. Bxh7 Ra1 37. Bd3 Ra3 38. Bf1 Kd5 39. e4+ Kxe4 40. dxe5 Rxf3 41. e6 Rb3 42. e7 Rb8 43. a7 Ra8 44. Ba6 Kd4 45. Bb7 Rxa7 46. e8Q Rxb7 47. Qxc6 Rb4 48. Qd7+ Kc4 49. Qxg7 Rb6 50. h4 1-0

[Event "Mittelfrankenliga-B2b 0607"]
[Site "Mittelfranken"]
[Date "2007.01.14"]
[Round "4.7"]
[White "Warnick, Ralph"]
[Black "Heinz, Manfred"]
[Result "0-1"]
[WhiteElo "1623"]
[BlackElo "1755"]
[PlyCount "60"]
[EventDate "2006.10.22"]
[EventType "team-tourn"]
[EventRounds "9"]
[EventCountry "GER"]
[SourceTitle "EXT 2011"]
[Source "ChessBase"]
[SourceDate "2010.11.26"]
[SourceVersion "1"]
[SourceVersionDate "2010.11.26"]
[SourceQuality "1"]
[WhiteTeam "Buechenbach/Roth II"]
[BlackTeam "Heilsbronn"]
[WhiteTeamCountry "GER"]
[BlackTeamCountry "GER"]

1. e4 g6 2. d4 Bg7 3. Nf3 d6 4. h3 Nf6 5. Nc3 0-0 6. Bc4 c6 7. d5 b5 8. Bb3 b4 9. Ne2 Bb7 10. Qd3 Nbd7 11. Be3 cxd5 12. exd5 Nb6 13. Bxb6 Qxb6 14. 0-0 Rac8 15. c4 bxc3 16. Nxc3 Ba6 17. Qd2 Bxf1 18. Rxf1 Qa5 19. Nd4 Ne4 20. Nxe4 Qxd2 21. Nxd2 Bxd4 22. Nc4 Rc7 23. Rd1 Bf6 24. Rd2 Rfc8 25. f4 Rxc4 26. Bxc4 Rxc4 27. g3 Rd4 28. Rc2 Rxd5 29. Kf2 Rd3 30. Kg2 Kg7 0-1

[Event "Mittelfrankenliga-B2b 0607"]
[Site "Mittelfranken"]
[Date "2006.11.12"]
[Round "2.7"]
[White "Warnick, Ralph"]
[Black "Kollitz, Carsten"]
[Result "1-0"]
[WhiteElo "1623"]
[BlackElo "1707"]
[PlyCount "75"]
[EventDate "2006.10.22"]
[EventType "team-tourn"]
[EventRounds "9"]
[EventCountry "GER"]
[SourceTitle "EXT 2011"]
[Source "ChessBase"]
[SourceDate "2010.11.26"]
[SourceVersion "1"]
[SourceVersionDate "2010.11.26"]
[SourceQuality "1"]
[WhiteTeam "Buechenbach/Roth II"]
[BlackTeam "Cadolzburg"]
[WhiteTeamCountry "GER"]
[BlackTeamCountry "GER"]

1. e4 e5 2. Nf3 Nc6 3. Bc4 Bc5 4. d3 d6 5. h3 Be6 6. Bb3 Nf6 7. Be3 Bb6 8. 0-0 Qd7 9. Bxe6 fxe6 10. Qe2 0-0 11. c3 Rae8 12. b4 Qf7 13. a4 Bxe3 14. Qxe3 a5 15. b5 Nb8 16. b6 c5 17. Na3 Nc6 18. Nc4 Qe7 19. Rae1 Nd7 20. d4 exd4 21. cxd4 e5 22. dxc5 dxc5 23. Rd1 Nd4 24. Nxd4 cxd4 25. Qb3 Qe6 26. Qb5 Ra8 27. Rb1 Ra6 28. Qd5 Rf6 29. Qxb7 Nc5 30. Qb8+ Rf8 31. Qc7 Qxc4 32. b7 Ra7 33. Qc6 Qxa4 34. Qd5+ Kh8 35. b8Q Raf7 36. Qxf7 Nd7 37. Qbxf8+ Nxf8 38. Qxf8# 1-0

[Event "Mittelfrankenliga-B2b 0607"]
[Site "Mittelfranken"]
[Date "2006.10.22"]
[Round "1.7"]
[White "Schoenberger, Andreas"]
[Black "Warnick, Ralph"]
[Result "1-0"]
[WhiteElo "1914"]
[BlackElo "1623"]
[PlyCount "81"]
[EventDate "2006.10.22"]
[EventType "team-tourn"]
[EventRounds "9"]
[EventCountry "GER"]
[SourceTitle "EXT 2011"]
[Source "ChessBase"]
[SourceDate "2010.11.26"]
[SourceVersion "1"]
[SourceVersionDate "2010.11.26"]
[SourceQuality "1"]
[WhiteTeam "Buechenbach/Roth"]
[BlackTeam "Buechenbach/Roth II"]
[WhiteTeamCountry "GER"]
[BlackTeamCountry "GER"]

1. e4 e5 2. Nf3 Nc6 3. Bc4 Bc5 4. 0-0 Nf6 5. d3 h6 6. a3 0-0 7. b4 Bb6 8. Bb2 d6 9. h3 Be6 10. Nbd2 Qd7 11. Bxe6 Qxe6 12. Nc4 Ne7 13. Re1 Ng6 14. Nxb6 axb6 15. d4 Rad8 16. d5 Qd7 17. c4 Nf4 18. Kh2 g5 19. Ng1 g4 20. Re3 gxh3 21. Rg3+ Kh7 22. Nxh3 Rg8 23. Nxf4 Ng4+ 24. Kg1 Nxf2 25. Kxf2 Rxg3 26. Kxg3 Rg8+ 27. Kf2 exf4 28. Qh5 Rg5 29. Qh4 Rg4 30. Qf6 Rxg2+ 31. Kf1 Rxb2 32. Qxb2 Qh3+ 33. Ke1 Qe3+ 34. Kd1 Qd3+ 35. Kc1 Qf1+ 36. Kc2 Qxc4+ 37. Qc3 Qe2+ 38. Kb3 f3 39. Rg1 f6 40. Qxc7+ Kh8 41. Qg7# 1-0